000 01207naa a22003137a 4500
001 BR8801840
003 BR-BrBNA
005 20250721154559.0
007 ta
008 250630b bl.|||m| |||| 00| 0 por d
040 _aBR-BrBNA
_bpor
_cBiblioteca Nacional de Agricultura
041 _a(Pt)
072 _aF30; F01
_b0170
090 _aF30 BR8801840
100 1 _aSoares Sobrinho, J.
100 1 _aSoares Filho, H.P.
111 1 _a1. Reuniao Brasileira de Triticale
_cPasso Fundo, RS (Brazil)
_d1-2 Apr 1985
245 1 _aRecomendacao provisoria para o plantio de triticale em 1985
246 1 _a[Provisory reccomendations for triticale planting in 1985]
246 1 _a[Annals of the 1st. Brazilian Reunion on Triticale]
500 _aAnais da 1. Reuniao Brasieira de Triticale Passo Fundo, RS (Brasil): 1986. p. 315-317 (BR8801840-AMS)
773 0 _tAnais da 1. Reuniao Brasieira de Triticale
_wF30 BR8801840
_gPasso Fundo, RS (Brasil), 1986. p. 315-317
650 _aTRITICALE
650 _aVARIEDADE
650 _aPLANTIO
490 _aDocumentos - Centro Nacional de Pesquisa de Trigo (Brazil)
_vno. 4
_xISSN 0101-6644
942 _cAMS
_2AGRIS
909 _a202506
_bLúcia
_c55
_dLúcia Elande
999 _c335806
_d335806